Statistics for Spanish Vocabulary Words That Start With L

Click here to take the quiz!

General Stats

  • This quiz has been taken 2,719 times
  • The average score is 31 of 43

Answer Stats

English español % Correct
milkleche
96%
Mondaylunes
96%
booklibro
96%
to readleer
95%
moonluna
93%
crazyloco
92%
to cleanlimpiar
90%
lionleón
90%
to callllamar
88%
longlargo
87%
readylisto
85%
to arrivellegar
85%
lightluz
85%
freelibre
83%
pencillápiz
82%
to washlavar
82%
keyllave
81%
lakelago
78%
to rainllover
77%
tonguelengua
75%
lamplámpara
75%
sidelado
73%
lettucelechuga
73%
placelugar
73%
farlejos
71%
to cryllorar
67%
lawley
67%
prettylindo
67%
liquidlíquido
67%
wolflobo
66%
fulllleno
66%
lipslabios
66%
rainlluvia
65%
leaderlíder
60%
freedomlibertad
60%
thiefladrón
57%
woollana
56%
canlata
44%
to liftlevantar
43%
tearlágrima
41%
luxurylujo
38%
lobsterlangosta
33%
laundromatlavandería
32%

Score Distribution

Percentile by Number Answered

Percent of People with Each Score

Your Score History

You have not taken this quiz